| 000 -LEADER |
| fixed length control field |
01789cam a22003617i 4500 |
| 001 - CONTROL NUMBER |
| control field |
23079415 |
| 005 - DATE AND TIME OF LATEST TRANSACTION |
| control field |
20240830152641.0 |
| 008 - FIXED-LENGTH DATA ELEMENTS--GENERAL INFORMATION |
| fixed length control field |
230424s2023 mau b 001 0 eng d |
| 010 ## - LIBRARY OF CONGRESS CONTROL NUMBER |
| LC control number |
2022436027 |
| 015 ## - NATIONAL BIBLIOGRAPHY NUMBER |
| National bibliography number |
GBC2D9351 |
| Source |
bnb |
| 016 7# - NATIONAL BIBLIOGRAPHIC AGENCY CONTROL NUMBER |
| Record control number |
020708234 |
| Source |
Uk |
| 016 7# - NATIONAL BIBLIOGRAPHIC AGENCY CONTROL NUMBER |
| Record control number |
BC17272637 |
| Source |
JP-ToKJK |
| 020 ## - INTERNATIONAL STANDARD BOOK NUMBER |
| International Standard Book Number |
9780128117606 |
| Qualifying information |
(paperback) |
| 035 ## - SYSTEM CONTROL NUMBER |
| System control number |
(OCoLC)on1346308160 |
| 042 ## - AUTHENTICATION CODE |
| Authentication code |
lccopycat |
| 082 04 - DEWEY DECIMAL CLASSIFICATION NUMBER |
| Classification number |
005.133,HAN |
| 100 1# - MAIN ENTRY--PERSONAL NAME |
| Personal name |
Han, Jiawei, |
| Relator term |
author. |
| 9 (RLIN) |
86648 |
| 245 10 - TITLE STATEMENT |
| Title |
Data mining : |
| Remainder of title |
concepts and techniques / |
| Statement of responsibility, etc. |
Jiawei Han, Jian Pei, Hanghang Tong. |
| 250 ## - EDITION STATEMENT |
| Edition statement |
Fourth edition. |
| 264 #1 - PRODUCTION, PUBLICATION, DISTRIBUTION, MANUFACTURE, AND COPYRIGHT NOTICE |
| Place of production, publication, distribution, manufacture |
Cambridge, MA, United States : |
| Name of producer, publisher, distributor, manufacturer |
Morgan Kaufmann is an imprint of Elsevier, |
| Date of production, publication, distribution, manufacture, or copyright notice |
[2023] |
| 300 ## - PHYSICAL DESCRIPTION |
| Extent |
xxix, 752 pages : |
| Other physical details |
illustrations ; |
| Dimensions |
24 cm. |
| 336 ## - CONTENT TYPE |
| Content type term |
text |
| Source |
rdacontent |
| 337 ## - MEDIA TYPE |
| Media type term |
unmediated |
| Source |
rdamedia |
| 338 ## - CARRIER TYPE |
| Carrier type term |
volume |
| Source |
rdacarrier |
| 490 1# - SERIES STATEMENT |
| Series statement |
The Morgan Kaufmann series in data management systems |
| 505 ## - FORMATTED CONTENTS NOTE |
| Formatted contents note |
Introduction (Page-1), Data, Measurements and data Processing (Page-23), Data Warehousing Online analytical Processing (Page-85), Pattern mining basic concept and methods (Page-145), Pattern Mining Advanced Methods (Page-175), Classifications basic concepts and methods (Page-239), Classifications Advanced Methods (Page-307) Cluster Analysis basics concepts and methods (Page-379), Cluster Analysis Advanced Methods (Page-431), Deep Learning (Page-485), Outlier Detection (Page-557), Data Mining Trends (Page-605). |
| 650 #0 - SUBJECT ADDED ENTRY--TOPICAL TERM |
| Topical term or geographic name entry element |
Data mining. |
| 650 #7 - SUBJECT ADDED ENTRY--TOPICAL TERM |
| Topical term or geographic name entry element |
Data mining. |
| Source of heading or term |
fast |
| Authority record control number or standard number |
(OCoLC)fst00887946 |
| 9 (RLIN) |
125549 |
| 700 1# - ADDED ENTRY--PERSONAL NAME |
| Personal name |
Pei, Jian, |
| Relator term |
author. |
| 9 (RLIN) |
123681 |
| 700 1# - ADDED ENTRY--PERSONAL NAME |
| Personal name |
Tong, Hanghang, |
| 9 (RLIN) |
123682 |
| 830 #0 - SERIES ADDED ENTRY--UNIFORM TITLE |
| Uniform title |
Morgan Kaufmann series in data management systems. |
| 9 (RLIN) |
100551 |
| 942 ## - ADDED ENTRY ELEMENTS (KOHA) |
| Source of classification or shelving scheme |
|
| Koha item type |
Reference |
| Edition |
4th Edition |
| Classification part |
005.133,HAN |